| 000 | 00381nam a2200169Ia 4500 | ||
|---|---|---|---|
| 008 | 230524s9999 xx 000 0 und d | ||
| 020 | _a818842904X | ||
| 082 | _bRAJ | ||
| 100 | _aR.Rajaram | ||
| 245 | 0 | _aC Programming Made Easy | |
| 250 | _a2ND | ||
| 260 |
_aCHENNAI _bScitech _c2003 |
||
| 300 | _aXIV;375 | ||
| 500 | _aQuantity Number: 2 | ||
| 650 | _aComp-Sc | ||
| 942 | _cBK | ||
| 999 |
_c4825 _d4825 |
||